[Event "San Francisco Grey Memorial"]
[Site "San Francisco"]
[Date "2017.09.26"]
[Round "8"]
[White "Diaz, Conrado"]
[Black "Jones, James"]
[Result "1-0"]
[WhiteElo "2234"]
[BlackElo "2049"]
[PlyCount "95"]
[EventDate "2017.08.08"]
[EventType "swiss"]
[EventRounds "9"]
[EventCountry "USA"]
[SourceTitle "EXT 2023"]
[Source "ChessBase"]
[SourceDate "2022.10.05"]
[SourceVersion "1"]
[SourceVersionDate "2022.10.05"]
[SourceQuality "1"]

1. d4 c5 2. c3 Nf6 3. Nf3 g6 4. Bg5 Bg7 5. Nbd2 d6 6. dxc5 dxc5 7. Bxf6 Bxf6 8. Ne4 0-0 9. Qxd8 Rxd8 10. Nxc5 Nc6 11. e3 Bf5 12. Be2 Rd5 13. Nb3 e5 14. Bc4 Rd6 15. 0-0 Rad8 16. Nc5 Na5 17. Be2 b6 18. Nb3 Nxb3 19. axb3 a5 20. Bc4 Be4 21. b4 axb4 22. cxb4 Kg7 23. Ra6 Bb7 24. Ra7 Bd5 25. Nd2 Bxc4 26. Nxc4 Rc6 27. b3 Rd3 28. Rb1 b5 29. Na5 Rc2 30. Rb7 Rdd2 31. Rf1 Bg5 32. g3 Bxe3 33. Kg2 Bxf2 34. Kh3 h5 35. Kh4 Rd4+ 36. Kh3 Rxb4 37. Nc4 bxc4 38. Rxb4 c3 39. Rc4 f5 40. Rc6 e4 41. Ra1 e3 42. Raa6 Bg1 43. Rxg6+ Kf7 44. Kh4 Rxh2+ 45. Kg5 e2 46. Raf6+ Ke7 47. Rg7+ Ke8 48. Ra6 1-0

[Event "San Francisco Grey Memorial"]
[Site "San Francisco"]
[Date "2017.09.12"]
[Round "6"]
[White "Traub, Igor Vladimirovich"]
[Black "Jones, James"]
[Result "1-0"]
[WhiteElo "2093"]
[BlackElo "2049"]
[PlyCount "69"]
[EventDate "2017.08.08"]
[EventType "swiss"]
[EventRounds "9"]
[EventCountry "USA"]
[SourceTitle "EXT 2023"]
[Source "ChessBase"]
[SourceDate "2022.10.05"]
[SourceVersion "1"]
[SourceVersionDate "2022.10.05"]
[SourceQuality "1"]

1. e4 c5 2. d3 g6 3. Nf3 Bg7 4. g3 Nf6 5. Bg2 Nc6 6. 0-0 0-0 7. c3 d6 8. h3 Bd7 9. a4 Rb8 10. Be3 a6 11. Nbd2 b5 12. axb5 axb5 13. d4 c4 14. d5 Ne5 15. Ne1 Qc8 16. f4 Nd3 17. Nxd3 cxd3 18. Kh2 Bg4 19. Nf3 Qc4 20. Bd4 Bxf3 21. Bxf3 b4 22. b3 Qc7 23. Ra7 Rb7 24. Rxb7 Qxb7 25. e5 Nd7 26. exd6 exd6 27. Bxg7 Kxg7 28. Qxd3 bxc3 29. Qxc3+ Kg8 30. Qc6 Qa7 31. Qxd6 Rc8 32. g4 Rc3 33. b4 Nb6 34. Re1 Nc4 35. Re8+ 1-0

[Event "San Francisco TNM Spring op"]
[Site "San Francisco"]
[Date "2013.04.30"]
[Round "7"]
[White "Royzen, Igor"]
[Black "Jones, James"]
[Result "0-1"]
[WhiteElo "1844"]
[BlackElo "2000"]
[PlyCount "68"]
[EventDate "2013.03.19"]
[EventType "swiss"]
[EventRounds "8"]
[EventCountry "USA"]
[SourceTitle "EXT 2016"]
[Source "ChessBase"]
[SourceDate "2015.10.08"]
[SourceVersion "1"]
[SourceVersionDate "2015.10.08"]
[SourceQuality "1"]

1. g3 Nf6 2. Bg2 g6 3. c4 Bg7 4. Nf3 c5 5. Nc3 Nc6 6. 0-0 0-0 7. d4 d6 8. h3 Bd7 9. Be3 Qc8 10. Kh2 cxd4 11. Nxd4 Nxd4 12. Bxd4 Qxc4 13. Rc1 Ng4+ 14. hxg4 Qxd4 15. Qxd4 Bxd4 16. Nd5 e6 17. Rc7 Bb5 18. Ne7+ Kg7 19. Bxb7 Rab8 20. Bf3 d5 21. b3 Bb6 22. Rcc1 Kf6 23. Nc6 Rbc8 24. Nb4 Rxc1 25. Rxc1 Bxf2 26. a4 Bd7 27. Rc7 Ke7 28. Nd3 Bb6 29. Rc2 Rc8 30. Rxc8 Bxc8 31. Kg2 Kd6 32. Kf1 e5 33. e4 f5 34. gxf5 gxf5 0-1

[Event "San Francisco TNM Spring op"]
[Site "San Francisco"]
[Date "2013.04.10"]
[Round "4"]
[White "Jones, James"]
[Black "Wong, Russell"]
[Result "0-1"]
[WhiteElo "2000"]
[BlackElo "2200"]
[PlyCount "96"]
[EventDate "2013.03.19"]
[EventType "swiss"]
[EventRounds "8"]
[EventCountry "USA"]
[SourceTitle "EXT 2016"]
[Source "ChessBase"]
[SourceDate "2015.10.08"]
[SourceVersion "1"]
[SourceVersionDate "2015.10.08"]
[SourceQuality "1"]

1. e4 Nf6 2. e5 Nd5 3. c4 Nb6 4. c5 Nd5 5. Bc4 e6 6. Qg4 d6 7. d4 dxe5 8. dxe5 Nc6 9. Nf3 Qe7 10. 0-0 Qxc5 11. Nbd2 Nb6 12. Re1 Bd7 13. b4 Nxb4 14. Ba3 h5 15. Qf4 N4d5 16. Bxc5 Nxf4 17. Bxf8 Rxf8 18. Bb3 Bc6 19. h4 0-0-0 20. Ne4 Nd3 21. Re3 Bxe4 22. Rxe4 Nc5 23. Rf4 Nd3 24. Re4 Nd5 25. Ng5 Nc5 26. Rc4 Nd3 27. Re4 Nc5 28. Rc4 b6 29. Rd1 Nxb3 30. axb3 c5 31. g3 Rd7 32. Ne4 f6 33. Nd6+ Kb8 34. Re1 fxe5 35. Ne4 Rf5 36. Ng5 Nc7 37. Re2 Rd3 38. b4 Rd4 39. Rec2 Rxc4 40. Rxc4 cxb4 41. Rxb4 Kc8 42. Kg2 Kd7 43. f3 Nd5 44. Re4 a5 45. g4 hxg4 46. fxg4 Rf4 47. Kg3 Rxe4 48. Nxe4 a4 0-1

[Event "San Francisco TNM Winter op"]
[Site "San Francisco"]
[Date "2013.01.15"]
[Round "2"]
[White "Campers, William"]
[Black "Jones, James"]
[Result "0-1"]
[WhiteElo "1601"]
[BlackElo "2007"]
[PlyCount "62"]
[EventDate "2013.01.08"]
[EventType "swiss"]
[EventRounds "8"]
[EventCountry "USA"]
[SourceTitle "EXT 2016"]
[Source "ChessBase"]
[SourceDate "2015.10.08"]
[SourceVersion "1"]
[SourceVersionDate "2015.10.08"]
[SourceQuality "1"]

1. e4 c5 2. d3 d6 3. Nf3 g6 4. Nc3 Bg7 5. Be3 Nf6 6. h3 Nc6 7. Qd2 Qb6 8. 0-0-0 Be6 9. Ng5 Bxa2 10. Nxa2 Nxe4 11. Nc3 Nxd2 12. Bxd2 e6 13. Nge4 Nb4 14. Na4 Qc6 15. Nac3 0-0 16. g4 d5 17. Ng5 h6 18. Nf3 d4 19. Ne4 f5 20. gxf5 exf5 21. Bg2 fxe4 22. dxe4 Qxe4 23. Ne1 Qe6 24. Bxb4 cxb4 25. Nd3 a5 26. Kb1 Kh8 27. Rhe1 Qc4 28. Bxb7 Rab8 29. Re7 b3 30. cxb3 Qxb3 31. Rd2 Rxb7 0-1

[Event "San Francisco TNM Winter op"]
[Site "San Francisco"]
[Date "2013.01.08"]
[Round "1"]
[White "Jones, James"]
[Black "Olson, David L"]
[Result "1-0"]
[WhiteElo "2007"]
[BlackElo "1541"]
[PlyCount "93"]
[EventDate "2013.01.08"]
[EventType "swiss"]
[EventRounds "8"]
[EventCountry "USA"]
[SourceTitle "EXT 2016"]
[Source "ChessBase"]
[SourceDate "2015.10.08"]
[SourceVersion "1"]
[SourceVersionDate "2015.10.08"]
[SourceQuality "1"]

1. e4 c5 2. Nf3 g6 3. d4 Bg7 4. Bc4 d6 5. 0-0 cxd4 6. c3 Nf6 7. Re1 Nc6 8. cxd4 0-0 9. h3 Qc7 10. Nc3 a6 11. Bf4 b5 12. Bb3 Bb7 13. Rc1 Qa5 14. e5 dxe5 15. dxe5 Rad8 16. Qe2 Nh5 17. Bh2 Nd4 18. Nxd4 Rxd4 19. Rcd1 Rfd8 20. Rxd4 Rxd4 21. Qe3 Qb4 22. a3 Qc5 23. g4 Qc6 24. f3 Qxf3 25. Qxf3 Bxf3 26. gxh5 Rd2 27. Bf4 Rxb2 28. Bd1 Bxh5 29. Bxh5 gxh5 30. Rd1 f5 31. exf6 Bxf6 32. Ne4 Kf7 33. Rd3 b4 34. Nxf6 Kxf6 35. Bd2 bxa3 36. Bc3+ e5 37. Bxb2 axb2 38. Rb3 Kf5 39. Kg2 Ke4 40. Rxb2 Kd3 41. Ra2 e4 42. Rxa6 Ke2 43. Re6 e3 44. h4 h6 45. Rxh6 Kd2 46. Rxh5 e2 47. Re5 1-0

[Event "San Francisco TNM Fall op"]
[Site "San Francisco"]
[Date "2012.10.16"]
[Round "1"]
[White "Flores Gomez, David"]
[Black "Jones, James"]
[Result "1/2-1/2"]
[WhiteElo "1539"]
[BlackElo "2042"]
[PlyCount "129"]
[EventDate "2012.10.16"]
[EventType "swiss"]
[EventRounds "9"]
[EventCountry "USA"]
[SourceTitle "EXT 2014"]
[Source "ChessBase"]
[SourceDate "2013.11.20"]
[SourceVersion "1"]
[SourceVersionDate "2013.11.20"]
[SourceQuality "1"]

1. e4 c5 2. Nf3 d6 3. Bc4 Nf6 4. d3 Nc6 5. Nc3 Bg4 6. h3 Bxf3 7. Qxf3 e6 8. a3 Be7 9. 0-0 0-0 10. Ba2 Nd4 11. Qd1 Rb8 12. Ne2 b5 13. c3 Nc6 14. Nf4 d5 15. exd5 Nxd5 16. Ne2 b4 17. axb4 cxb4 18. c4 Nf6 19. Be3 Qc7 20. Nd4 Nxd4 21. Bxd4 Rfd8 22. Be3 Bc5 23. Bb1 Bd4 24. Bxd4 Rxd4 25. Qa4 Rb7 26. Re1 g6 27. Re3 Nd7 28. Re4 Rxe4 29. dxe4 Qxc4 30. Qc2 Ne5 31. f4 Qxc2 32. Bxc2 Nc4 33. b3 Na3 34. Bd1 Rc7 35. Ra2 Nb1 36. Rc2 Nc3 37. Bf3 Rd7 38. Kh2 Rd4 39. Kg3 Nxe4+ 40. Bxe4 Rxe4 41. Kf3 Re1 42. Rb2 Kg7 43. h4 Kf6 44. g4 e5 45. fxe5+ Kxe5 46. Ra2 Kd4 47. Rxa7 Kc3 48. Kf2 Re4 49. Kf3 f5 50. gxf5 gxf5 51. Rxh7 Kxb3 52. h5 Rg4 53. h6 Rh4 54. Kg3 Rh5 55. Rh8 Kb2 56. h7 b3 57. Kf4 Kb1 58. Ke5 b2 59. Kf4 Kc2 60. Rc8+ Kd3 61. Rb8 Kc3 62. Rc8+ Kd3 63. Rb8 Rxh7 64. Rxb2 Rh5 65. Rb5 1/2-1/2

[Event "San Francisco TNM Litowsky op"]
[Site "San Francisco"]
[Date "2011.09.20"]
[Round "8"]
[White "Jones, James"]
[Black "Lee, Andy C"]
[Result "1-0"]
[WhiteElo "2078"]
[BlackElo "2267"]
[PlyCount "61"]
[EventDate "2011.08.02"]
[EventType "swiss"]
[EventRounds "9"]
[EventCountry "USA"]
[SourceTitle "EXT 2016"]
[Source "ChessBase"]
[SourceDate "2015.10.08"]
[SourceVersion "1"]
[SourceVersionDate "2015.10.08"]
[SourceQuality "1"]

1. e4 e5 2. Bc4 Nf6 3. d4 exd4 4. Nf3 Nc6 5. Nxd4 d6 6. Nxc6 bxc6 7. e5 Ng4 8. e6 d5 9. Qxg4 Bxe6 10. Qf3 dxc4 11. Qxc6+ Bd7 12. Qxc4 Be7 13. 0-0 0-0 14. Bf4 Be6 15. Qe2 Qd4 16. Be5 Qc5 17. Re1 Rab8 18. Nc3 Rb4 19. a3 Rg4 20. Rad1 Qc6 21. Nd5 Bc5 22. c4 Kh8 23. Kh1 Bb6 24. b3 Rg6 25. f3 Re8 26. Qb2 f6 27. Bc3 Rh6 28. Bxf6 gxf6 29. Nxf6 Rxf6 30. Qxf6+ Kg8 31. Re5 1-0

[Event "San Francisco TNM Litowsky op"]
[Site "San Francisco"]
[Date "2011.09.06"]
[Round "6"]
[White "Jones, James"]
[Black "Rumph, Todd"]
[Result "0-1"]
[WhiteElo "2078"]
[BlackElo "2159"]
[PlyCount "52"]
[EventDate "2011.08.02"]
[EventType "swiss"]
[EventRounds "9"]
[EventCountry "USA"]
[SourceTitle "EXT 2016"]
[Source "ChessBase"]
[SourceDate "2015.10.08"]
[SourceVersion "1"]
[SourceVersionDate "2015.10.08"]
[SourceQuality "1"]

1. e4 c6 2. d4 d5 3. exd5 cxd5 4. c4 Nf6 5. Nc3 g6 6. h3 Bg7 7. Nf3 0-0 8. Bd3 Nc6 9. 0-0 dxc4 10. Bxc4 Na5 11. Bd3 Be6 12. Re1 Rc8 13. Bg5 Bc4 14. Rc1 Re8 15. Ne5 Bxd3 16. Qxd3 a6 17. Rcd1 Qd6 18. a3 b5 19. Bf4 Qb6 20. Qf3 Nc4 21. Re2 a5 22. Be3 Nxb2 23. Nd5 Nxd5 24. Qxf7+ Kh8 25. Rxb2 Nxe3 26. Qb3 Bxe5 0-1

[Event "San Francisco TNM Litowsky op"]
[Site "San Francisco"]
[Date "2011.08.30"]
[Round "5"]
[White "Manvelyan, Hayk"]
[Black "Jones, James"]
[Result "1-0"]
[WhiteElo "2193"]
[BlackElo "2078"]
[PlyCount "89"]
[EventDate "2011.08.02"]
[EventType "swiss"]
[EventRounds "9"]
[EventCountry "USA"]
[SourceTitle "EXT 2016"]
[Source "ChessBase"]
[SourceDate "2015.10.08"]
[SourceVersion "1"]
[SourceVersionDate "2015.10.08"]
[SourceQuality "1"]

1. f4 c5 2. Nf3 d5 3. e3 Nf6 4. b3 g6 5. Bb2 Bg7 6. Ne5 0-0 7. Be2 Nc6 8. Nxc6 bxc6 9. 0-0 a5 10. Nc3 Ba6 11. Bxa6 Rxa6 12. Qe2 Ra8 13. Na4 Nd7 14. Bxg7 Kxg7 15. Qd3 e6 16. Nxc5 Nxc5 17. Qc3+ Qf6 18. Qxc5 a4 19. Qd4 Qxd4 20. exd4 Rfb8 21. Rf3 Rb4 22. c3 Rb7 23. b4 a3 24. Rb1 h5 25. Kf2 Kf6 26. Re3 Kf5 27. Kf3 Re8 28. Rb3 Ra8 29. Re5+ Kf6 30. Re1 Kf5 31. Reb1 f6 32. b5 cxb5 33. Rxb5 Rc7 34. Rc5 Rxc5 35. dxc5 Ra4 36. Rb4 Ra5 37. d4 e5 38. fxe5 fxe5 39. Ke3 e4 40. Rb6 Ra8 41. Rd6 Rb8 42. Rxd5+ Ke6 43. Rd6+ Ke7 44. Rb6 Rf8 45. Ra6 1-0

[Event "San Francisco TNM Spring op"]
[Site "San Francisco"]
[Date "2011.04.26"]
[Round "7"]
[White "Anderson, Michael"]
[Black "Jones, James"]
[Result "0-1"]
[WhiteElo "1900"]
[BlackElo "2077"]
[PlyCount "62"]
[EventDate "2011.03.15"]
[EventType "swiss"]
[EventRounds "8"]
[EventCountry "USA"]
[SourceTitle "EXT 2012"]
[Source "ChessBase"]
[SourceDate "2011.11.24"]
[SourceVersion "1"]
[SourceVersionDate "2011.11.24"]
[SourceQuality "1"]

1. e4 c5 2. Nf3 d6 3. c3 Nf6 4. e5 dxe5 5. Nxe5 Nbd7 6. f4 e6 7. Bb5 Bd6 8. 0-0 0-0 9. Bxd7 Bxd7 10. Na3 b5 11. Nc2 Qc7 12. d4 Rfd8 13. Nxd7 Rxd7 14. Qf3 Rb8 15. dxc5 Bxc5+ 16. Kh1 Rbd8 17. f5 e5 18. Bg5 a5 19. Bxf6 gxf6 20. b4 Ba7 21. bxa5 Rd3 22. Qg4+ Kh8 23. Qh4 Qd6 24. Ne1 Rxc3 25. Rd1 Qxd1 26. Qxf6+ Kg8 27. Qg5+ Kf8 28. f6 Qe2 29. Qg7+ Ke8 30. Qg8+ Kd7 31. Qg4+ Qxg4 0-1

[Event "San Francisco TNM Peter Grey op"]
[Site "San Francisco"]
[Date "2010.08.03"]
[Round "1"]
[White "Bertot, German"]
[Black "Jones, James"]
[Result "0-1"]
[WhiteElo "1551"]
[BlackElo "2094"]
[PlyCount "64"]
[EventDate "2010.08.03"]
[EventType "swiss"]
[EventRounds "9"]
[EventCountry "USA"]
[SourceTitle "EXT 2012"]
[Source "ChessBase"]
[SourceDate "2011.11.24"]
[SourceVersion "1"]
[SourceVersionDate "2011.11.24"]
[SourceQuality "1"]

1. d4 Nf6 2. c4 c5 3. d5 Ne4 4. Nd2 Qa5 5. Qc2 Nf6 6. e4 d6 7. Bd3 g6 8. Ngf3 Bg7 9. 0-0 Na6 10. a3 Nb4 11. Qb1 Nxd3 12. Qxd3 0-0 13. Rb1 Bd7 14. b4 cxb4 15. axb4 Qc7 16. Bb2 b5 17. cxb5 Qb7 18. Nd4 a6 19. Nc6 Rfe8 20. bxa6 Rxa6 21. b5 Ra2 22. Bd4 e6 23. Be3 exd5 24. exd5 Bf5 25. Qb3 Bxb1 26. Nc4 Rea8 27. Nxd6 Qd7 28. Bc5 Bc2 29. Qf3 Ra1 30. b6 Rxf1+ 31. Kxf1 Ra1+ 32. Ke2 Bd1+ 0-1

[Event "San Francisco TNM Summer op"]
[Site "San Francisco"]
[Date "2010.06.15"]
[Round "4"]
[White "Byambaa, Uyanga"]
[Black "Jones, James"]
[Result "0-1"]
[WhiteElo "1623"]
[BlackElo "2099"]
[PlyCount "60"]
[EventDate "2010.05.25"]
[EventType "swiss"]
[EventRounds "8"]
[EventCountry "USA"]
[SourceTitle "EXT 2012"]
[Source "ChessBase"]
[SourceDate "2011.11.24"]
[SourceVersion "1"]
[SourceVersionDate "2011.11.24"]
[SourceQuality "1"]

1. e4 c5 2. Nf3 d6 3. d4 cxd4 4. Nxd4 Nf6 5. Nc3 g6 6. Be3 Bg7 7. f3 0-0 8. Qd2 Nc6 9. g4 Bd7 10. h4 h5 11. gxh5 Nxh5 12. 0-0-0 Rc8 13. Nxc6 Rxc6 14. Bh6 Bxc3 15. bxc3 Qa5 16. Qd4 Rfc8 17. Bd3 Rxc3 18. Bd2 Qa3+ 19. Kb1 e5 20. Qe3 Be6 21. Bxc3 Rxc3 22. Rh2 Bxa2+ 23. Ka1 Be6+ 24. Kb1 Rc6 25. c4 Rb6+ 26. Qxb6 axb6 27. Rc2 Nf4 28. Ra2 Qb3+ 29. Rb2 Qxd1+ 30. Ka2 Nxd3 0-1

[Event "San Francisco TNM Summer op"]
[Site "San Francisco"]
[Date "2010.05.25"]
[Round "2"]
[White "Leavens, Weston A"]
[Black "Jones, James"]
[Result "1/2-1/2"]
[WhiteElo "1806"]
[BlackElo "2099"]
[PlyCount "120"]
[EventDate "2010.05.25"]
[EventType "swiss"]
[EventRounds "8"]
[EventCountry "USA"]
[SourceTitle "EXT 2012"]
[Source "ChessBase"]
[SourceDate "2011.11.24"]
[SourceVersion "1"]
[SourceVersionDate "2011.11.24"]
[SourceQuality "1"]

1. e4 g6 2. d4 Bg7 3. Be3 d6 4. c3 Nf6 5. Bd3 0-0 6. Nf3 Ng4 7. Bg5 c5 8. h3 Nf6 9. 0-0 cxd4 10. cxd4 Nc6 11. Nc3 Qa5 12. a3 Nxd4 13. Be3 Nxf3+ 14. Qxf3 Be6 15. b4 Qh5 16. Qxh5 Nxh5 17. Rac1 Rac8 18. Nb5 a6 19. Nd4 Nf4 20. Nxe6 Nxe6 21. Rxc8 Rxc8 22. Rc1 Rxc1+ 23. Bxc1 Nd4 24. Kf1 f5 25. exf5 gxf5 26. Be3 e6 27. Bxd4 Bxd4 28. a4 h5 29. b5 a5 30. h4 Kg7 31. Be2 Kg6 32. Bf3 b6 33. Bc6 f4 34. Be8+ Kh6 35. g3 Bf6 36. Kg2 fxg3 37. fxg3 Bc3 38. Bd7 e5 39. Bc6 Be1 40. Kh3 Kg6 41. Be8+ Kh6 42. Bc6 Bf2 43. g4 hxg4+ 44. Kxg4 Kg6 45. h5+ Kf6 46. Bd5 Be3 47. Kf3 Bd2 48. Ke4 Kg5 49. Bf7 Bc1 50. Bg6 Kf6 51. Kd5 Ba3 52. Be4 Kg5 53. Bg6 Bc5 54. Ke4 Bd4 55. Bf7 Bc3 56. Bg6 Kf6 57. Kd5 Bb4 58. Be4 Kg5 59. Bg6 Bc5 60. Ke4 Kf6 1/2-1/2

[Event "San Francisco TNM Winter op"]
[Site "San Francisco"]
[Date "2010.02.23"]
[Round "8"]
[White "Sanguinetti, George A"]
[Black "Jones, James"]
[Result "1/2-1/2"]
[WhiteElo "1980"]
[BlackElo "2075"]
[PlyCount "72"]
[EventDate "2010.01.05"]
[EventType "swiss"]
[EventRounds "8"]
[EventCountry "USA"]
[SourceTitle "EXT 2012"]
[Source "ChessBase"]
[SourceDate "2011.11.24"]
[SourceVersion "1"]
[SourceVersionDate "2011.11.24"]
[SourceQuality "1"]

1. c4 g6 2. g3 Bg7 3. f4 c5 4. Nc3 Nc6 5. Nh3 e6 6. Bg2 Nge7 7. 0-0 0-0 8. e4 d5 9. cxd5 exd5 10. e5 f6 11. exf6 Bxf6 12. Nf2 Be6 13. Re1 Qd7 14. b3 Bd4 15. Bb2 Bg4 16. Bf3 Bh3 17. Rb1 Bf5 18. d3 Nb4 19. Be2 c4 20. bxc4 dxc4 21. Nce4 Nxd3 22. Bxd3 cxd3 23. Qb3+ Be6 24. Qxd3 Nc6 25. Bxd4 Qxd4 26. Rxb7 Qxd3 27. Nxd3 Bxa2 28. Rc1 Bd5 29. Nef2 Nd4 30. Re7 Nf3+ 31. Kg2 a5 32. Kh3 Rf7 33. Rxf7 Kxf7 34. Rc7+ Kg8 35. Nc5 a4 36. Ng4 Ng1+ 1/2-1/2

[Event "San Francisco TNM Winter op"]
[Site "San Francisco"]
[Date "2010.02.02"]
[Round "5"]
[White "Jones, James"]
[Black "Askin, David"]
[Result "0-1"]
[WhiteElo "2075"]
[BlackElo "1749"]
[PlyCount "48"]
[EventDate "2010.01.05"]
[EventType "swiss"]
[EventRounds "8"]
[EventCountry "USA"]
[SourceTitle "EXT 2012"]
[Source "ChessBase"]
[SourceDate "2011.11.24"]
[SourceVersion "1"]
[SourceVersionDate "2011.11.24"]
[SourceQuality "1"]

1. e4 c6 2. d4 d5 3. exd5 cxd5 4. c4 Nf6 5. Nc3 e6 6. Nf3 Bb4 7. Qa4+ Nc6 8. Ne5 Qa5 9. Qxa5 Bxa5 10. Nxc6 bxc6 11. Bd2 0-0 12. c5 Bc7 13. f4 Nd7 14. Bd3 f6 15. 0-0 e5 16. fxe5 fxe5 17. Rxf8+ Nxf8 18. Rf1 exd4 19. Ne2 Ne6 20. Bf5 Nxc5 21. Nxd4 Bxf5 22. Nxf5 Re8 23. Bc3 Bb6 24. Nxg7 Ne6+ 0-1

[Event "San Francisco TNM Fall op"]
[Site "San Francisco"]
[Date "2009.11.03"]
[Round "3"]
[White "Jones, James"]
[Black "Shakhnazarov, Oleg"]
[Result "0-1"]
[WhiteElo "2043"]
[BlackElo "2200"]
[PlyCount "70"]
[EventDate "2009.10.20"]
[EventType "swiss"]
[EventRounds "9"]
[EventCountry "USA"]
[SourceTitle "EXT 2012"]
[Source "ChessBase"]
[SourceDate "2011.11.24"]
[SourceVersion "1"]
[SourceVersionDate "2011.11.24"]
[SourceQuality "1"]

1. e4 e5 2. Bc4 Nc6 3. Nf3 Nf6 4. d4 exd4 5. 0-0 Be7 6. e5 Ne4 7. Bd5 Nc5 8. Nxd4 Nxe5 9. Nf5 0-0 10. Re1 Bf6 11. f4 Ng6 12. Nc3 d6 13. Qh5 c6 14. Bb3 d5 15. Bd2 b5 16. Rad1 b4 17. Na4 Ne6 18. g3 Rb8 19. Be3 a5 20. Nh6+ gxh6 21. f5 Ng7 22. Qxh6 Nxf5 23. Qh5 Nxe3 24. Rxe3 Qd7 25. Qe2 Qg4 26. Qxg4 Bxg4 27. Rdd3 Rfe8 28. Kg2 Bf5 29. Rxe8+ Rxe8 30. Rd2 Bg5 31. Rf2 Be4+ 32. Kh3 Be3 33. Re2 Bf3 34. Re1 Re5 35. g4 Bf2 0-1

[Event "San Francisco TNM Summer op"]
[Site "San Francisco"]
[Date "2009.07.14"]
[Round "8"]
[White "Grey, Peter G"]
[Black "Jones, James"]
[Result "0-1"]
[WhiteElo "2000"]
[BlackElo "2030"]
[PlyCount "66"]
[EventDate "2009.05.26"]
[EventType "swiss"]
[EventRounds "8"]
[EventCountry "USA"]
[SourceTitle "EXT 2012"]
[Source "ChessBase"]
[SourceDate "2011.11.24"]
[SourceVersion "1"]
[SourceVersionDate "2011.11.24"]
[SourceQuality "1"]

1. Nf3 g6 2. c4 Nf6 3. d4 c5 4. g3 Bg7 5. Bg2 Nc6 6. 0-0 0-0 7. Nc3 d6 8. dxc5 dxc5 9. Be3 Be6 10. Bxc5 Qa5 11. b4 Nxb4 12. Bxe7 Rfe8 13. Bxb4 Qxb4 14. Nd5 Qxc4 15. Nd2 Qd4 16. Nc7 Rad8 17. Nxe8 Nxe8 18. Nf3 Qb6 19. Qa4 Bxa1 20. Rxa1 Nf6 21. e3 Qb2 22. Rd1 Rxd1+ 23. Qxd1 Bxa2 24. Nd2 a5 25. Ne4 Nxe4 26. Bxe4 Kg7 27. h4 b5 28. h5 Qe5 29. hxg6 hxg6 30. Bc6 Bc4 31. e4 a4 32. Bd5 a3 33. Bxc4 bxc4 0-1

[Event "San Francisco TNM Summer op"]
[Site "San Francisco"]
[Date "2009.06.16"]
[Round "4"]
[White "Morgan, Jerry"]
[Black "Jones, James"]
[Result "0-1"]
[WhiteElo "1406"]
[BlackElo "2030"]
[PlyCount "72"]
[EventDate "2009.05.26"]
[EventType "swiss"]
[EventRounds "8"]
[EventCountry "USA"]
[SourceTitle "EXT 2012"]
[Source "ChessBase"]
[SourceDate "2011.11.24"]
[SourceVersion "1"]
[SourceVersionDate "2011.11.24"]
[SourceQuality "1"]

1. f4 e5 2. fxe5 d6 3. exd6 Bxd6 4. Nf3 Bg4 5. e4 Nd7 6. d4 c5 7. c3 cxd4 8. cxd4 Qa5+ 9. Nbd2 Qh5 10. Qb3 Bg3+ 11. Kd1 Ne7 12. Qb5 Qh6 13. Qd3 0-0 14. Nc4 Bf4 15. Bxf4 Qxf4 16. Qe3 Qf6 17. Kd2 h6 18. Rc1 Rad8 19. Bd3 Nc6 20. e5 Qe6 21. b3 Bxf3 22. gxf3 Qd5 23. Rhg1 f5 24. Qxh6 Rf7 25. Nd6 Ndxe5 26. Nxf7 Nxf3+ 27. Ke2 Nxg1+ 28. Rxg1 Nxd4+ 29. Kd1 Qf3+ 30. Ke1 Nc2+ 31. Kd2 Rxd3+ 32. Kc1 Rd1+ 33. Kb2 Rxg1 34. Qe6 Kh7 35. Qe8 Qe3 36. Ne5 Qd4+ 0-1